Nuôi ếch công nghiệp

Cuốn sách này giới thiệu cùng bạn phương pháp nuôi ếch công nghiệp: phương pháp nuôi nòng nọc, nuôi ếch con, ếch thịt; hướng dẫn chọn giống, thức ăn, phương pháp vận chuyển ếch, phòng và trị bệnh cho ếch v.v......

Full description

Saved in:
Bibliographic Details
Main Author: Việt Chương
Format: Book
Language:Undetermined
Published: Thành phố Hồ Chí Minh Tổng hợp Thành phố Hồ Chí Minh 2004
Subjects:
Tags: Add Tag
No Tags, Be the first to tag this record!
Institutions: Trung tâm Học liệu Trường Đại học Cần Thơ
LEADER 00928nam a2200205Ia 4500
001 CTU_100325
008 210402s9999 xx 000 0 und d
020 |c 12000 
082 |a 639.378 
082 |b V308 
100 |a Việt Chương 
245 0 |a Nuôi ếch công nghiệp 
245 0 |c Việt Chương 
260 |a Thành phố Hồ Chí Minh 
260 |b Tổng hợp Thành phố Hồ Chí Minh 
260 |c 2004 
520 |a Cuốn sách này giới thiệu cùng bạn phương pháp nuôi ếch công nghiệp: phương pháp nuôi nòng nọc, nuôi ếch con, ếch thịt; hướng dẫn chọn giống, thức ăn, phương pháp vận chuyển ếch, phòng và trị bệnh cho ếch v.v... 
650 |a Amphibian farming,Nuôi ếch 
904 |i Hiếu 
980 |a Trung tâm Học liệu Trường Đại học Cần Thơ